| 000 | 00864nam a2200277 a 4500 | ||
|---|---|---|---|
| 005 | 20180803164858.0 | ||
| 008 | 140226b1996 -CN||||fr|||| 00| 0 eng d | ||
| 040 |
_aCO-BoIAVH _cCO-BoIAVH |
||
| 041 | _aeng | ||
| 044 | _acn | ||
| 082 |
_a333.9516079 _bS64a |
||
| 100 | 1 |
_aSmith, I. M. _911091 |
|
| 110 |
_bEcological Monitoring and Assessment Network _911092 |
||
| 245 | 1 | _aAssessment of species diversity in the mixedwood plains ecozone | |
| 260 |
_aOttawa _bEMAN _c1996 |
||
| 300 |
_a31paginas.: _bilustraciones; _c11 x 9 cm. _eCD -ROM |
||
| 650 | 4 |
_aValoración económica _94196 |
|
| 650 | 4 |
_aBiodiversidad _992204 |
|
| 650 | 4 |
_aBosques mixtos _911094 |
|
| 650 | 4 |
_aFauna acuática _948896 |
|
| 650 | 4 |
_aVegetación _948897 |
|
| 650 | 6 |
_aFauna _948898 |
|
| 650 | 4 |
_aInvertebrados acuáticos _98243 |
|
| 650 | 6 |
_aInvertebrados _948899 |
|
| 942 |
_cLIBRO _2ddc |
||
| 999 |
_c1159 _d1159 |
||